Fr. Conceicao Rodrigues College of Engineering

Discrete-event system simulation (Record no. 23095)

MARC details
000 -LEADER
fixed length control field 00393nam a2200181Ia 4500
082 ## - DEWEY DECIMAL CLASSIFICATION NUMBER
Classification number 3.3
Item number BAN
100 ## - MAIN ENTRY--PERSONAL NAME
Personal name Banks/Jerry/ Carson/J.S
250 ## - EDITION STATEMENT
Edition statement 5
245 ## - TITLE STATEMENT
Title Discrete-event system simulation
260 ## - PUBLICATION, DISTRIBUTION, ETC.
Name of publisher, distributor, etc. Pearson Education
Date of publication, distribution, etc. 2014
366 ## - TRADE AVAILABILITY INFORMATION
Publishers's discount category 25
300 ## - PHYSICAL DESCRIPTION
Extent 564
546 ## - LANGUAGE NOTE
Language note ENGLISH
-- Computers
650 ## - SUBJECT ADDED ENTRY--TOPICAL TERM
Topical term or geographic name entry element Simulation
654 ## - SUBJECT ADDED ENTRY--FACETED TOPICAL TERMS
Focus term simulation
942 ## - ADDED ENTRY ELEMENTS (KOHA)
Koha item type BOOK
Holdings
Withdrawn status Lost status Damaged status Not for loan Collection Home library Current library Date acquired Source of acquisition Cost, normal purchase price Inventory number Total Checkouts Full call number Barcode Date last seen Date last checked out Cost, replacement price Price effective from Koha item type
        CRC Fr. Agnel's C.Rodrigues College of Engineering AGNEL TECHNICAL COLLEGE LIBRARY 17/03/2023 Allied Publishers 431.25 439 dt 29.06.2015 1 3.3 BAN 23698 09/03/2026 06/03/2026 575.00   BOOK
        CRC Fr. Agnel's C.Rodrigues College of Engineering AGNEL TECHNICAL COLLEGE LIBRARY 17/03/2023 Allied Publishers 431.25 439 dt 29.06.2015   3.3 BAN 23700 09/03/2026   575.00   BOOK
        CRC Fr. Agnel's C.Rodrigues College of Engineering Fr. Agnel's C.Rodrigues College of Engineering 17/03/2023 Allied Publishers 431.25 439 dt 29.06.2015 1 3.3 BAN 23697 11/06/2026 06/02/2026 575.00   BOOK
        CRC Fr. Agnel's C.Rodrigues College of Engineering Fr. Agnel's C.Rodrigues College of Engineering 17/03/2023 Allied Publishers 431.25 439 dt 29.06.2015   3.3 BAN 23699 17/03/2023   575.00   BOOK
        CRC Fr. Agnel's C.Rodrigues College of Engineering Fr. Agnel's C.Rodrigues College of Engineering 17/03/2023 Allied Publishers 431.25 439 dt 29.06.2015   3.3 BAN 23701 17/03/2023   575.00   BOOK